000 01688cam a2200373 a 4500
001 12803682
005 20060301110134.0
008 020605s2002 enk | b 001 0 eng d
010 _a 2002072111
020 _a0333948564 (cloth)
020 _a9780333948569 (cloth)
020 _a0333948556 (pbk.)
020 _a9780333948552 (pbk.)
040 _aDLC
_cDLC
_dDLC
050 0 0 _aJA71
_b.T497 2002
082 0 0 _a320.01
_221
_bTHE
245 0 0 _aTheory and Methods in Political Science /
_cEdited by David Marsh and Gerry Stoker.
250 _a2nd ed.
260 _aHoundmills, Basingstoke, Hampshire ;
_aNew York :
_bPalgrave Macmillan,
_cc2002.
300 _axv, 368 p. ;
_c24 cm.
490 1 _aPolitical Analysis
504 _aIncludes bibliographical references and index.
650 0 _aPolitical science.
_912559
650 0 _aPolitical science
_xMethodology.
_912560
700 1 _aMarsh, David,
_d1946-
_912561
700 1 _aStoker, Gerry.
_912562
830 0 _aPolitical analysis (Palgrave Macmillan (Firm))
_912563
856 4 2 _3Contributor biographical information
_uhttp://www.loc.gov/catdir/bios/hol052/2002072111.html
856 4 2 _3Publisher description
_uhttp://www.loc.gov/catdir/description/hol032/2002072111.html
856 4 1 _3Table of contents
_uhttp://www.loc.gov/catdir/toc/hol031/2002072111.html
942 _2ddc
_cBB
999 _c13651
_d13651